| 000 | 00580nam a22002057a 4500 | ||
|---|---|---|---|
| 999 |
_c2440 _d2440 |
||
| 003 | AR-CdUCM | ||
| 008 | 190304b ||||| |||| 00| 0 spa d | ||
| 040 |
_aMUNICIPALIDAD PROVINCIAL DEL CUSCO _cBIBLIOTECA MUNICIPAL DEL CUSCO |
||
| 041 | _h84-85887-71-9 | ||
| 082 |
_a868 / _bG79 |
||
| 100 |
_aGrande, Félix _98752 |
||
| 245 | _aLugar siniestro este mundo. caballeros / | ||
| 260 |
_aEspaña : _bDel Hombre _c1985. |
||
| 300 |
_a209 páginas ; _c20 cm. |
||
| 650 |
_aNovela _95 |
||
| 650 |
_aEspaña _9176 |
||
| 650 |
_aLiteratura _983 |
||
| 942 |
_2ddc _cLIBROS |
||
| 945 | _admma | ||